000 00363nam a2200145Ia 4500
008 230917s9999||||xx |||||||||||||| ||und||
040 _e59625
_aMAIN
041 _aEnglish
082 _a320.5 W188G
100 _aWanlass, Lawrence C
245 0 _aGattell's history of political thought
260 _aDelhi
_bSurjeet
_c1961
300 _axii, 418 p.
942 _cBK
999 _c35773
_d35773